00688nam a2200157 a 450000100100000000500170001000800410002704000250006824501180009326000390021130000200025070000270027095201050029795201110040299900170051300003956320201002031716.0130708s2010 dr 000 0 spa d aDO-SdBNPbspacBNPHU00aDesarmar la historia :bintervenciones en la XIX Cena Hora Puerta de América /cInvestigación María Corral. aSanto Domingo :bSusaeta,c[201?]. a41 p. ;c21 cm.1 aCorral, María965731 0010718PDaPDbPDcCTd2013-07-08iLF1l0o p39563-10r2020-06-25w2020-06-25yLFPDZNo se presta 0010718PDaPDbPDcCTd2013-07-08iLF1l0o p39563-20r2020-06-25te. 2w2020-06-25yLFPDZNo se presta c39053d39053